Na ochranu konkurence a spotřebitelů. Protimonopolní politika USA.

O dodržiavanie protitrustových zákonov a o ochranu hospodárskej súťaže sa v USA starajú dve inštitúcie - Federálna obchodná komisia (FTC) a antitrustový úsek ministerstva spravodlivosti USA. Obidve inštitúcie pôsobia na úrovni federácie. Rozbor protimonopolnej politiky FTC a úloh ministerstva spravo...

Ausführliche Beschreibung

Gespeichert in:
Bibliographische Detailangaben
1. Verfasser: Urban, J.
Format: Buchkapitel
Sprache:Tschechisch
Schlagworte:
Tags: Tag hinzufügen
Keine Tags, Fügen Sie das erste Tag hinzu!

MARC

LEADER 00000naa a2200000 4500
001 r001376
005 20220819175440.3
041 0 |a cze 
044 |a [CS] 
245 1 0 |a Na ochranu konkurence a spotřebitelů.  |b Protimonopolní politika USA.  |c J. Urban 
520 |a O dodržiavanie protitrustových zákonov a o ochranu hospodárskej súťaže sa v USA starajú dve inštitúcie - Federálna obchodná komisia (FTC) a antitrustový úsek ministerstva spravodlivosti USA. Obidve inštitúcie pôsobia na úrovni federácie. Rozbor protimonopolnej politiky FTC a úloh ministerstva spravodlivosti. Základné ciele protimonopolnej politiky. 
610 2 0 |a USA 
610 2 0 |a konkurencia 
610 2 0 |a ochrana spotrebiteľa 
610 2 0 |a demonopolizácia 
610 2 0 |a zákony 
610 2 0 |a politika protimonopolná 
100 1 |a Urban, J.